000 01487nam a22004337a 4500
003 OSt
005 20230524103944.0
008 221006b |||||||| |||| 00| 0 eng d
040 _cBiblioteca Lado V
082 _a700
_bA786l
110 _9830
_aARTEDER
_eEditor
245 _aLAPIZ/
_bRevista Mensual de Arte/
260 _bFeria internacional de Bilbao
_c1993
_aEspaña
300 _c22x29cm
_a90p.
366 _espa
490 _a91
_vXI
505 _aEl medio es dopaje
505 _aPetite grande historie
505 _aArte en el Arsenal
505 _aEspacio Negativo
505 _aLa calle de las imagenes
505 _aEl sueño de un artista
505 _aLa arquitectura herida
505 _aArte, melancolía y hedonismo
505 _aParaíso privado en manhattan
505 _aSintesis Urbana
505 _acrónicas de exposiciones
505 _aPublicaciones
650 _2Tesauro de Arte & Arquitectura
_aARTE
_9703
650 _2Tesauro de Arte & Arquitectura
_aARQUITECTURA
650 _2Tesauro de Arte & Arquitectura
_aFOTOGRAFIA
_9702
650 _2Tesauro de Arte & Arquitectura
_aENTREVISTAS
650 _2Tesauro de Arte & Arquitectura
_aARQUEOLOGIA
650 _2Tesauro de Arte & Arquitectura
_aREPORTAJES
650 _2Tesauro de Arte & Arquitectura
_aLIBROS
650 _2Tesauro de Arte & Arquitectura
_aNOTICIAS
651 _2Tesauro de Arte & Arquitectura
_aSUBASTAS
942 _2ddc
_c1
_h700
_iA786l
_n0
999 _c3698
_d3698